Cẩm nang công tác thư viện
Spremljeno u:
| Glavni autor: | |
|---|---|
| Format: | Knjiga |
| Izdano: |
Hà Nội
Lao Động
2017
|
| Teme: | |
| Oznake: |
Dodaj oznaku
Bez oznaka, Budi prvi tko označuje ovaj zapis!
|
| Thư viện lưu trữ: | Trung tâm Học liệu Lê Vũ Hùng, Trường Đại học Đồng Tháp |
|---|
| LEADER | 00677pam a22002058a 4500 | ||
|---|---|---|---|
| 001 | 00040449 | ||
| 005 | 20171129111108.0 | ||
| 008 | 170523s2016 ||||||Viesd | ||
| 020 | # | # | |c 350000 |a 978 604 59 8785 8 |
| 041 | 0 | # | |a Vie |
| 082 | 1 | 4 | |a 025.31 |b C120N |
| 100 | 1 | # | |a Nguyễn, Phương |e Hệ thống |
| 245 | 1 | 0 | |a Cẩm nang công tác thư viện |c Nguyễn Phương (Hệ thống) |
| 260 | # | # | |a Hà Nội |b Lao Động |c 2017 |
| 300 | # | # | |c 28 cm. |a 399 tr. |
| 653 | # | # | |a Cẩm nang |
| 653 | # | # | |a Thư viện |
| 852 | # | # | |j KD.0022581 |
| 910 | |d 29/11/2017 | ||
| 980 | # | # | |a Trung tâm Học liệu Lê Vũ Hùng, Trường Đại học Đồng Tháp |